| 000 | 00635nam a22001697a 4500 | ||
|---|---|---|---|
| 020 | _qHard Cover. | ||
| 082 | _aBICSE-6 IJL | ||
| 100 | _aIjlal Delawar : Muhammad Junaid and Muhammad Saqib Inayat. | ||
| 245 |
_aDetecting & Locating RF Signal Sources Using RF Sensor Network / _cDelawar, Ijlal : Muhammad, Junaid and Muhammad, SaqibInayat |
||
| 260 |
_aIslamabad: _bSEECS NUST, _c2012. |
||
| 300 |
_a64 p. : _bill. ; _c30cm. |
||
| 650 | _aBICSE. | ||
| 700 |
_aDr. Muhammad Usman _917021 |
||
| 856 | _uhttp://10.250.8.41:8080/xmlui/handle/123456789/10377 | ||
| 942 |
_2ddc _cPR |
||
| 999 |
_c566080 _d566080 |
||